| 000 | 00484nam a2200181 i 4500 | ||
|---|---|---|---|
| 001 | 20074 | ||
| 003 | ES-MaACL | ||
| 005 | 20230906152229.0 | ||
| 007 | t| | ||
| 008 | 021125s1975 sp ||||1| spa d | ||
| 020 | _a84-400-8618-0 | ||
| 080 | _a821.134.2-31"19" | ||
| 100 | 1 |
_aGarcía Viñó, M. _955416 |
|
| 245 | 1 | 0 |
_aFedra / _cM. García Viñó. |
| 260 |
_a[Madrid] : _bGalería de Luis, _c[1975] |
||
| 300 |
_a185 p. : _bil. ; _c25 cm. |
||
| 852 |
_aES-MaACL _jL-25997 _bR.131828 |
||
| 999 |
_c20074 _d20074 |
||